The noble scholar, jurist, historian


 His Excellency Dr. Abdul Wahhab bin Ibrahim Abu Sulaiman, may Allah have mercy on him.


 He was born in Umm Al-Qura in the year 1356 AH.

ابن سينا والنفس الإنسانية / (Record no. 12696)

MARC details
000 -LEADER
fixed length control field 01258cam a22003011i 4500
003 - CONTROL NUMBER IDENTIFIER
control field SA-RiAUC
005 - DATE AND TIME OF LATEST TRANSACTION
control field 20251022075135.0
008 - FIXED-LENGTH DATA ELEMENTS--GENERAL INFORMATION
fixed length control field 251020s1982 le g 00010bara c
040 ## - CATALOGING SOURCE
Original cataloging agency SA-RiAUC
Language of cataloging ara
Transcribing agency SA-RiAUC
Description conventions rda
050 #4 - LIBRARY OF CONGRESS CALL NUMBER
Item number I77 1982
082 04 - DEWEY DECIMAL CLASSIFICATION NUMBER
Classification number 921.1
Assigning agency SA-RiAUC
090 ## - LOCALLY ASSIGNED LC-TYPE CALL NUMBER (OCLC); LOCAL CALL NUMBER (RLIN)
Classification number (OCLC) (R) ; Classification number, CALL (RLIN) (NR) 921.1
Local cutter number (OCLC) ; Book number/undivided call number, CALL (RLIN) ع ر ق
100 1# - MAIN ENTRY--PERSONAL NAME
Personal name عرقسوسي، محمد خير
Relator term مؤلف.
245 10 - TITLE STATEMENT
Title ابن سينا والنفس الإنسانية /
Statement of responsibility, etc. محمد خير عرقسوسي، حسن ملا عثمان.
250 ## - EDITION STATEMENT
Edition statement الطبعة الأولى.
264 #1 - PRODUCTION, PUBLICATION, DISTRIBUTION, MANUFACTURE, AND COPYRIGHT NOTICE
Place of production, publication, distribution, manufacture بيروت :
Name of producer, publisher, distributor, manufacturer مؤسسة الرسالة،
Date of production, publication, distribution, manufacture, or copyright notice 1982
300 ## - PHYSICAL DESCRIPTION
Extent 213 صفحة ؛
Dimensions 24 سم.
336 ## - CONTENT TYPE
Content type term نص
Content type code txt
Source rdacontent
Materials specified كتاب
337 ## - MEDIA TYPE
Media type term بدون وسيط
Media type code n
Source rdamedia
338 ## - CARRIER TYPE
Carrier type term مجلد
Carrier type code nc
Source rdacarrier
490 1# - SERIES STATEMENT
Series statement الدراسات النفسية عند المسلمين
600 17 - SUBJECT ADDED ENTRY--PERSONAL NAME
Personal name ابن سينا، الحسين بن عبد الله بن سينا،
Titles and other words associated with a name الرئيس،
Dates associated with a name 370-428 هجري
Source of heading or term aucnm
650 #7 - SUBJECT ADDED ENTRY--TOPICAL TERM
Topical term or geographic name entry element الفلاسفة المسلمون
Form subdivision تراجم
Source of heading or term aucsh
700 1# - ADDED ENTRY--PERSONAL NAME
Personal name عثمان، حسن ملا،
Dates associated with a name 1919-
Relator term مؤلف.
830 #2 - SERIES ADDED ENTRY--UNIFORM TITLE
Uniform title الدراسات النفسية عند المسلمين
942 ## - ADDED ENTRY ELEMENTS (KOHA)
Source of classification or shelving scheme Dewey Decimal Classification
Koha item type Books
Suppress in OPAC No
949 ## - LOCAL PROCESSING INFORMATION (OCLC)
a SA-JeALM
d 251020
u mohamedma123
n 1
Holdings
Withdrawn status Lost status Source of classification or shelving scheme Damaged status Not for loan Home library Current library Date acquired Total checkouts Full call number Barcode Date last seen Price effective from Koha item type
    Dewey Decimal Classification     DR AbdElwahab Library DR AbdElwahab Library 10/22/2025   921.1 ع ر ق 000020462 10/22/2025 10/22/2025 Books